[Event "Helsinki MatSK op"]
[Site "Helsinki"]
[Date "2020.02.21"]
[Round "1"]
[White "Al Hamoud, Malek"]
[Black "Syvalahti, Heikki"]
[Result "1/2-1/2"]
[WhiteElo "1794"]
[BlackElo "2047"]
[PlyCount "92"]
[EventDate "2020.02.21"]
[EventType "swiss"]
[EventRounds "7"]
[EventCountry "FIN"]
[SourceTitle "CBM 195 Extra"]
[Source "ChessBase"]
[SourceDate "2020.05.31"]
[SourceVersion "1"]
[SourceVersionDate "2020.05.31"]
[SourceQuality "1"]

1. e4 d5 2. exd5 Qxd5 3. c4 Qa5 4. Nc3 c5 5. Nf3 Bg4 6. Be2 Nc6 7. 0-0 e6 8. h3 Bh5 9. Qe1 Nf6 10. b3 Be7 11. Bb2 0-0 12. Rd1 Rfd8 13. Na4 Qc7 14. Nc3 a6 15. d3 Rd7 16. Ne4 Rad8 17. Nxf6+ Bxf6 18. Bxf6 gxf6 19. Qc3 Bxf3 20. Bxf3 Nd4 21. Rfe1 Nxf3+ 22. gxf3 Qf4 23. Re3 Kh8 24. Kf1 Rg8 25. Ke2 Rd4 26. Re4 Qd6 27. Qd2 Rg6 28. Qe3 e5 29. Rg4 Qe6 30. Rdg1 Qf5 31. R1g3 Kg7 32. Rxd4 cxd4 33. Qe4 Qh5 34. Rxg6+ hxg6 35. Qxb7 Qxh3 36. c5 Qh1 37. Qxa6 Qc1 38. Qc4 Qb2+ 39. Kf1 Qxa2 40. c6 Qa8 41. b4 g5 42. b5 g4 43. fxg4 Qa1+ 44. Kg2 Qd1 45. f3 Qe2+ 46. Kg3 Qe1+ 1/2-1/2

[Event "Helsinki Lautt SK op"]
[Site "Helsinki"]
[Date "2019.10.05"]
[Round "2"]
[White "Syvalahti, Heikki"]
[Black "Arstila, Petteri"]
[Result "0-1"]
[WhiteElo "2126"]
[BlackElo "2065"]
[PlyCount "87"]
[EventDate "2019.10.05"]
[EventType "swiss"]
[EventRounds "4"]
[EventCountry "FIN"]
[SourceTitle "EXT 2021"]
[Source "ChessBase"]
[SourceDate "2020.10.23"]
[SourceVersion "1"]
[SourceVersionDate "2020.10.23"]
[SourceQuality "1"]

1. d4 Nf6 2. Bg5 e6 3. e4 h6 4. Bxf6 Qxf6 5. c3 d6 6. Bd3 Nd7 7. Ne2 e5 8. 0-0 Qd8 9. f4 Be7 10. fxe5 dxe5 11. Qb3 0-0 12. Bc4 Bf6 13. d5 c6 14. dxc6 bxc6 15. Qc2 Nc5 16. b4 Ne6 17. Nd2 Bg5 18. Nf3 Be3+ 19. Kh1 Qc7 20. Rad1 Re8 21. Nh4 Rd8 22. Nf5 Bb6 23. Rxd8+ Qxd8 24. Neg3 Nf4 25. Rd1 Qc7 26. Nd6 Bg4 27. Ne2 Rd8 28. Nf5 Kh7 29. Rxd8 Qxd8 30. Nxf4 exf4 31. h3 Bh5 32. Qd3 Qg5 33. Nd4 Bc7 34. Nf3 Qe7 35. Qe2 g5 36. Bd3 Kg7 37. Qf2 Bxf3 38. gxf3 Bb6 39. Qb2 Qe5 40. Qb3 h5 41. Kg2 Qf6 42. Qc4 g4 43. hxg4 Qh4 44. gxh5 0-1

[Event "FIN-chT1A 1819"]
[Site "Finland"]
[Date "2019.04.06"]
[Round "7.5"]
[White "Syvalahti, Heikki"]
[Black "Sorri, Juhani"]
[Result "1-0"]
[WhiteElo "2032"]
[BlackElo "2207"]
[PlyCount "181"]
[EventDate "2018.09.15"]
[EventType "team-tourn"]
[EventRounds "7"]
[EventCountry "FIN"]
[SourceTitle "EXT 2020"]
[Source "ChessBase"]
[SourceDate "2019.10.17"]
[SourceVersion "1"]
[SourceVersionDate "2019.10.17"]
[SourceQuality "1"]
[WhiteTeam "Karjaa KarjUra"]
[BlackTeam "Helsinki HSK"]
[WhiteTeamCountry "FIN"]
[BlackTeamCountry "FIN"]

1. d4 d5 2. Bf4 e6 3. e3 Nf6 4. c3 Be7 5. Nd2 c6 6. Bd3 h6 7. h3 Bd6 8. Bxd6 Qxd6 9. e4 dxe4 10. Nxe4 Nxe4 11. Bxe4 Nd7 12. Nf3 0-0 13. 0-0 c5 14. dxc5 Qxd1 15. Rfxd1 Nxc5 16. Bc2 b6 17. Ne5 Bb7 18. Nd7 Nxd7 19. Rxd7 Bc6 20. Rd6 Rac8 21. Rad1 a6 22. f3 b5 23. a3 a5 24. R1d2 Rfe8 25. Kf2 Kf8 26. Ke3 Bd5 27. Rb6 Rb8 28. Rxb8 Rxb8 29. Kd4 Rc8 30. Bd3 Bc4 31. Bxc4 Rxc4+ 32. Kd3 Ke7 33. b3 Rc8 34. Kc2 g5 35. Rd4 Kf6 36. Rd7 Rc5 37. Rb7 h5 38. Kd3 Rd5+ 39. Ke3 h4 40. c4 bxc4 41. bxc4 Rd1 42. c5 Rc1 43. Rb5 a4 44. Kd3 Ke5 45. Rb4 Rg1 46. Rg4 f6 47. Kc4 Rc1+ 48. Kb4 Kd5 49. Kxa4 Kxc5 50. Kb3 e5 51. a4 Kd5 52. a5 Kc5 53. Ra4 Rb1+ 54. Kc3 Kb5 55. Ra2 Ka6 56. Kd3 Rb4 57. Ke3 f5 58. Kd3 Rb5 59. Kc4 f4 60. Rd2 Rxa5 61. Rd6+ Kb7 62. Rg6 e4 63. fxe4 Kc7 64. Kd4 Kd7 65. e5 Ra4+ 66. Kd5 f3 67. gxf3 Ra3 68. Rg7+ Ke8 69. Ke4 Ra4+ 70. Kf5 Rf4+ 71. Kxg5 Rxf3 72. Kxh4 Re3 73. Rg5 Kf7 74. Kg4 Re4+ 75. Kf5 Rh4 76. Rg3 Rh5+ 77. Kf4 Rh4+ 78. Kg5 Re4 79. Kf5 Rh4 80. Re3 Rh8 81. Ra3 Rh5+ 82. Kf4 Ke7 83. Re3 Ke6 84. Kg4 Rh8 85. h4 Rg8+ 86. Kh3 Rg1 87. h5 Rh1+ 88. Kg4 Rg1+ 89. Kh4 Rg8 90. h6 Rg1 91. Kh5 1-0

[Event "Helsinki MatSK op"]
[Site "Helsinki"]
[Date "2019.02.22"]
[Round "2"]
[White "Karvinen, Kimmo"]
[Black "Syvalahti, Heikki"]
[Result "1/2-1/2"]
[WhiteElo "2113"]
[BlackElo "2033"]
[PlyCount "96"]
[EventDate "2019.02.22"]
[EventType "swiss"]
[EventRounds "7"]
[EventCountry "FIN"]
[SourceTitle "CBM 189 Extra"]
[Source "ChessBase"]
[SourceDate "2019.06.03"]
[SourceVersion "1"]
[SourceVersionDate "2019.06.03"]
[SourceQuality "1"]

1. e4 d5 2. exd5 Qxd5 3. Nc3 Qd8 4. d4 c6 5. Bc4 Bf5 6. Nf3 e6 7. Bf4 Nd7 8. Bd3 Bxd3 9. Qxd3 Ngf6 10. 0-0-0 Qa5 11. Kb1 Bb4 12. Bd2 0-0-0 13. a3 Bxc3 14. Bxc3 Qc7 15. Bd2 h6 16. Be3 Nd5 17. c4 Nxe3 18. fxe3 Kb8 19. Qc2 Qa5 20. Rd2 Qa6 21. Rc1 Rc8 22. Qe4 Ka8 23. Qf4 Nf6 24. Ne5 Rhf8 25. g4 Qa5 26. Rdd1 Qc7 27. h4 Nd7 28. Nxd7 Qxd7 29. e4 Qe7 30. h5 f6 31. Rd2 e5 32. Qf5 exd4 33. Rxd4 Rcd8 34. Rcd1 Rxd4 35. Rxd4 Rd8 36. Ka2 a6 37. Rxd8+ Qxd8 38. Qe6 Qc7 39. Qe8+ Ka7 40. Qe6 Qd8 41. e5 fxe5 42. Qxe5 Qd7 43. Qe4 Qf7 44. Qd4+ Ka8 45. Qe4 Ka7 46. Qd4+ Ka8 47. Qe4 Ka7 48. Qd4+ Ka8 1/2-1/2

[Event "FIN-chT1A 1819"]
[Site "Finland"]
[Date "2019.02.09"]
[Round "6.6"]
[White "Helander, Benjamin"]
[Black "Syvalahti, Heikki"]
[Result "1/2-1/2"]
[WhiteElo "1994"]
[BlackElo "2032"]
[PlyCount "102"]
[EventDate "2018.09.15"]
[EventType "team-tourn"]
[EventRounds "7"]
[EventCountry "FIN"]
[SourceTitle "EXT 2020"]
[Source "ChessBase"]
[SourceDate "2019.10.17"]
[SourceVersion "1"]
[SourceVersionDate "2019.10.17"]
[SourceQuality "1"]
[WhiteTeam "Vaasa VSS"]
[BlackTeam "Karjaa KarjUra"]
[WhiteTeamCountry "FIN"]
[BlackTeamCountry "FIN"]

1. e4 d5 2. exd5 Qxd5 3. d4 e5 4. Nf3 exd4 5. Qxd4 Qxd4 6. Nxd4 Bc5 7. Nb3 Bd6 8. Bd3 Nc6 9. c3 Nge7 10. 0-0 0-0 11. N1d2 Ne5 12. Bc2 N7g6 13. Ne4 Be7 14. f4 Nd7 15. f5 Nge5 16. Bf4 Nc4 17. Bxc7 Nxb2 18. Nbd2 b5 19. Rab1 Nc4 20. Nxc4 bxc4 21. Ba4 a5 22. Rb5 Nf6 23. Re5 Nxe4 24. Rxe4 Bc5+ 25. Kh1 Ra7 26. Bg3 Bb7 27. Re2 Rd8 28. Rfe1 Raa8 29. Bc7 Rdc8 30. Re8+ Rxe8 31. Rxe8+ Rxe8 32. Bxe8 Be4 33. f6 a4 34. Bxa4 Bb1 35. Be5 gxf6 36. Bxf6 Bxa2 37. Bb5 h6 38. Bc6 Bb1 39. Bd5 Bd3 40. h4 Bf1 41. g4 Bf2 42. Be4 Bd3 43. Bf3 Bf1 44. Kh2 Kh7 45. Be4+ Kg8 46. Bd5 Kf8 47. h5 Kg8 48. Bg2 Be2 49. Kh3 Bd3 50. Bf3 Bf1+ 51. Bg2 Bd3 1/2-1/2

[Event "FIN-chT1A 1819"]
[Site "Finland"]
[Date "2019.02.09"]
[Round "6.6"]
[White "Syvalahti, Heikki"]
[Black "Makela, Lauri"]
[Result "1/2-1/2"]
[WhiteElo "2032"]
[BlackElo "2034"]
[PlyCount "99"]
[EventDate "2018.09.15"]
[EventType "team-tourn"]
[EventRounds "7"]
[EventCountry "FIN"]
[SourceTitle "EXT 2020"]
[Source "ChessBase"]
[SourceDate "2019.10.17"]
[SourceVersion "1"]
[SourceVersionDate "2019.10.17"]
[SourceQuality "1"]
[WhiteTeam "Karjaa KarjUra"]
[BlackTeam "Raahe Li"]
[WhiteTeamCountry "FIN"]
[BlackTeamCountry "FIN"]

1. d4 d5 2. Nf3 e6 3. c4 a6 4. Nbd2 Nf6 5. g3 Be7 6. Bg2 0-0 7. 0-0 c5 8. cxd5 Nxd5 9. dxc5 Bxc5 10. Ne4 Be7 11. Qb3 Nc6 12. Bd2 b5 13. Rac1 Qb6 14. Nc3 Nxc3 15. Qxc3 Bb7 16. Be3 Qa5 17. Qxa5 Nxa5 18. b3 Ba3 19. Rc7 Rac8 20. Bb6 Rxc7 21. Bxc7 Nc6 22. Ne5 Rc8 23. Bb6 Nxe5 24. Bxb7 Rb8 25. Bc7 Rxb7 26. Bxe5 f6 27. Bf4 Rd7 28. Kg2 e5 29. Be3 f5 30. h4 h5 31. Kf3 Kf7 32. Bc1 Bb4 33. Be3 Ba3 34. Bc1 Bb4 35. a4 bxa4 36. bxa4 Ke6 37. Be3 e4+ 38. Kg2 Rc7 39. Bd4 g6 40. Rb1 a5 41. Rb2 Rc1 42. e3 Kd5 43. f3 Rd1 44. fxe4+ Kxe4 45. Rc2 Rd3 46. Rc6 Rd2+ 47. Kh3 Kf3 48. Rxg6 Rd1 49. Kh2 Rd2+ 50. Kh3 1/2-1/2

[Event "FIN-chT1A 1819"]
[Site "Finland"]
[Date "2019.01.12"]
[Round "5.6"]
[White "Kauppala, Pekka"]
[Black "Syvalahti, Heikki"]
[Result "0-1"]
[WhiteElo "2024"]
[BlackElo "2032"]
[PlyCount "60"]
[EventDate "2018.09.15"]
[EventType "team-tourn"]
[EventRounds "7"]
[EventCountry "FIN"]
[SourceTitle "EXT 2020"]
[Source "ChessBase"]
[SourceDate "2019.10.17"]
[SourceVersion "1"]
[SourceVersionDate "2019.10.17"]
[SourceQuality "1"]
[WhiteTeam "Helsinki LauttSK"]
[BlackTeam "Karjaa KarjUra"]
[WhiteTeamCountry "FIN"]
[BlackTeamCountry "FIN"]

1. e4 d5 2. exd5 Qxd5 3. Nf3 Bg4 4. Be2 Nc6 5. d4 0-0-0 6. Be3 Nf6 7. 0-0 Qf5 8. Nbd2 e6 9. a3 Bd6 10. h3 Bxf3 11. Bxf3 Nxd4 12. Bxb7+ Kxb7 13. Bxd4 Bh2+ 14. Kxh2 Rxd4 15. Qf3+ Qxf3 16. Nxf3 Rd5 17. Rfe1 Nd7 18. Rad1 Nb6 19. Rxd5 Nxd5 20. Rd1 f6 21. Nd4 Re8 22. b4 Nb6 23. Nb3 Kc8 24. Nc5 e5 25. Kg3 g6 26. Kf3 Rd8 27. Rxd8+ Kxd8 28. Ke4 Ke7 29. a4 Kd6 30. Kd3 f5 0-1

[Event "Turku TuTS op"]
[Site "Turku"]
[Date "2018.12.01"]
[Round "2"]
[White "Syvalahti, Heikki"]
[Black "Hokkanen, Petri"]
[Result "1/2-1/2"]
[WhiteElo "2042"]
[BlackElo "2243"]
[PlyCount "89"]
[EventDate "2018.11.30"]
[EventType "swiss"]
[EventRounds "5"]
[EventCountry "FIN"]
[SourceTitle "EXT 2021"]
[Source "ChessBase"]
[SourceDate "2020.10.23"]
[SourceVersion "1"]
[SourceVersionDate "2020.10.23"]
[SourceQuality "1"]

1. d4 d5 2. Bf4 c6 3. c3 Nf6 4. e3 Qb6 5. Qc2 e6 6. Nd2 Be7 7. h3 0-0 8. Bd3 c5 9. Ngf3 Nc6 10. 0-0 a5 11. dxc5 Qxc5 12. e4 dxe4 13. Nxe4 Nxe4 14. Bxe4 g6 15. Rfd1 Qh5 16. Rd2 Bf6 17. Nh2 e5 18. Bf3 Qf5 19. Qxf5 Bxf5 20. Be3 e4 21. Bg4 Ne5 22. Bxf5 gxf5 23. Rd5 Kg7 24. Rb5 Nc4 25. Bf4 a4 26. a3 Nxb2 27. Rxb2 Bxc3 28. Rbb1 Bxa1 29. Rxa1 Rfd8 30. Nf1 Rac8 31. Ne3 Rc5 32. g4 fxg4 33. hxg4 Kf6 34. Rb1 b5 35. Kg2 h5 36. g5+ Kg6 37. Rb4 Rd3 38. Rxe4 Rxa3 39. Re8 Rb3 40. Ra8 a3 41. Ra6+ Kg7 42. Kf3 b4 43. Ke4 Rbc3 44. Be5+ Rxe5+ 45. Kxe5 1/2-1/2

[Event "Helsinki LauttSSK op"]
[Site "Helsinki"]
[Date "2018.10.21"]
[Round "4"]
[White "Syvalahti, Heikki"]
[Black "Eklund, Kari"]
[Result "0-1"]
[WhiteElo "2042"]
[BlackElo "2094"]
[PlyCount "104"]
[EventDate "2018.10.20"]
[EventType "swiss"]
[EventRounds "4"]
[EventCountry "FIN"]
[SourceTitle "EXT 2021"]
[Source "ChessBase"]
[SourceDate "2020.10.23"]
[SourceVersion "1"]
[SourceVersionDate "2020.10.23"]
[SourceQuality "1"]

1. d4 Nf6 2. Bg5 c5 3. Nc3 cxd4 4. Qxd4 Nc6 5. Qh4 e6 6. Bxf6 Qxf6 7. Qxf6 gxf6 8. e4 Bb4 9. Nge2 a6 10. a3 Bc5 11. Na4 Ba7 12. b4 d6 13. g3 Bd7 14. Nb2 Nd4 15. Nxd4 Bxd4 16. Ra2 Bc6 17. Bg2 f5 18. Nc4 Bc3+ 19. Kd1 0-0-0 20. Nd2 Bxd2 21. Kxd2 fxe4 22. Ke3 f5 23. c4 e5 24. a4 d5 25. cxd5 Rxd5 26. b5 axb5 27. axb5 Rd3+ 28. Ke2 Bxb5 29. Ra8+ Kc7 30. Rxh8 Rd8+ 31. Ke3 Rxh8 32. Bh3 Rf8 33. Rd1 Bc6 34. Rc1 Kd6 35. Rd1+ Kc5 36. Rc1+ Kb4 37. Rb1+ Kc5 38. Rc1+ Kd6 39. Rd1+ Ke6 40. Ra1 Rf6 41. Bf1 Rf8 42. Bh3 Rd8 43. Bf1 Rd4 44. Ra8 Rb4 45. Rh8 Rb3+ 46. Kd2 Rb2+ 47. Kc3 Rxf2 48. Bc4+ Kd6 49. Rxh7 Kc5 50. Bb3 Rf3+ 51. Kb2 e3 52. Re7 e4 0-1

[Event "FIN-chT1A 1819"]
[Site "Finland"]
[Date "2018.09.15"]
[Round "1.6"]
[White "Syvalahti, Heikki"]
[Black "Koivunen, Jussi"]
[Result "1-0"]
[WhiteElo "2032"]
[BlackElo "2039"]
[PlyCount "79"]
[EventDate "2018.09.15"]
[EventType "team-tourn"]
[EventRounds "7"]
[EventCountry "FIN"]
[SourceTitle "EXT 2020"]
[Source "ChessBase"]
[SourceDate "2019.10.17"]
[SourceVersion "1"]
[SourceVersionDate "2019.10.17"]
[SourceQuality "1"]
[WhiteTeam "Karjaa KarjUra"]
[BlackTeam "Pori PSY"]
[WhiteTeamCountry "FIN"]
[BlackTeamCountry "FIN"]

1. d4 d5 2. Nf3 Nf6 3. c4 c6 4. cxd5 cxd5 5. Nc3 e6 6. Bf4 Bd6 7. Bxd6 Qxd6 8. e3 0-0 9. Bd3 Nc6 10. 0-0 Bd7 11. Qd2 Rfc8 12. Rfc1 a6 13. h3 Be8 14. Qd1 Ne7 15. Ne5 Nd7 16. Nxd7 Bxd7 17. Na4 Bxa4 18. Qxa4 b5 19. Qa5 g6 20. b3 Rab8 21. Qd2 Rxc1+ 22. Rxc1 Rc8 23. Rxc8+ Nxc8 24. Qa5 Qb6 25. Qc3 Ne7 26. Qb4 Nc8 27. Kf1 Qc7 28. Ke2 Kg7 29. Qc5 Qb7 30. Kd2 Na7 31. f3 Nc8 32. e4 dxe4 33. Bxe4 Qd7 34. Kc3 Ne7 35. Kb4 f5 36. Ba8 Qd8 37. Bb7 Nd5+ 38. Bxd5 exd5 39. Qa7+ Kh6 40. Qxa6 1-0

[Event "Heart of Finland op 28th"]
[Site "Jyvaskyla"]
[Date "2018.07.20"]
[Round "7"]
[White "Komulainen, Lauri"]
[Black "Syvalahti, Heikki"]
[Result "1-0"]
[WhiteElo "1935"]
[BlackElo "2052"]
[PlyCount "73"]
[EventDate "2018.07.16"]
[EventType "swiss"]
[EventRounds "9"]
[EventCountry "FIN"]
[SourceTitle "EXT 2021"]
[Source "ChessBase"]
[SourceDate "2020.10.23"]
[SourceVersion "1"]
[SourceVersionDate "2020.10.23"]
[SourceQuality "1"]

1. d4 Nf6 2. c4 g6 3. Nc3 d5 4. cxd5 Nxd5 5. e4 Nxc3 6. bxc3 Bg7 7. Be3 0-0 8. Nf3 c5 9. Qd2 Qa5 10. Rd1 Nc6 11. Be2 Rd8 12. h3 b5 13. 0-0 Bb7 14. Qc2 cxd4 15. cxd4 Rac8 16. Qb3 a6 17. d5 Ne5 18. Nxe5 Bxe5 19. Rc1 Rc3 20. Bd2 Rdc8 21. Bxc3 Bxc3 22. a3 Be5 23. Qe3 Bb8 24. Bg4 Rd8 25. h4 h5 26. Bh3 Kg7 27. Qc3+ Qxc3 28. Rxc3 Be5 29. Rb3 Bd6 30. Rd1 Kf6 31. g3 Ke5 32. Kf1 Bc5 33. Bg2 f6 34. Rc3 Bb6 35. Rdc1 Rd7 36. f4+ Kd6 37. Rc6+ 1-0

[Event "Heart of Finland op 28th"]
[Site "Jyvaskyla"]
[Date "2018.07.18"]
[Round "4"]
[White "Syvalahti, Heikki"]
[Black "Valkama, Eero"]
[Result "1/2-1/2"]
[WhiteElo "2052"]
[BlackElo "2229"]
[PlyCount "54"]
[EventDate "2018.07.16"]
[EventType "swiss"]
[EventRounds "9"]
[EventCountry "FIN"]
[SourceTitle "EXT 2021"]
[Source "ChessBase"]
[SourceDate "2020.10.23"]
[SourceVersion "1"]
[SourceVersionDate "2020.10.23"]
[SourceQuality "1"]

1. d4 Nf6 2. Bf4 e6 3. e3 Be7 4. Nd2 d5 5. h3 0-0 6. Ngf3 b6 7. Bd3 Bb7 8. 0-0 Ne4 9. c3 Nd7 10. Qc2 f5 11. Ne5 c5 12. Nxd7 Qxd7 13. Nf3 Qc8 14. Ne5 Ba6 15. Qe2 Bxd3 16. Qxd3 Qb7 17. f3 Nd6 18. Qe2 Nf7 19. Nxf7 Rxf7 20. Qf2 Bf6 21. Qg3 Re8 22. Be5 Bxe5 23. Qxe5 Qc7 24. Qxc7 Rxc7 25. Rad1 cxd4 26. Rxd4 Kf7 27. Kf2 Rec8 1/2-1/2

[Event "Turku We TSY"]
[Site "Turku"]
[Date "2018.04.22"]
[Round "5"]
[White "Syvalahti, Heikki"]
[Black "Jarvela, Jari"]
[Result "1/2-1/2"]
[WhiteElo "2054"]
[BlackElo "2114"]
[PlyCount "66"]
[EventDate "2018.04.20"]
[EventType "swiss"]
[EventRounds "5"]
[EventCountry "FIN"]
[SourceTitle "EXT 2022"]
[Source "ChessBase"]
[SourceDate "2021.10.06"]
[SourceVersion "1"]
[SourceVersionDate "2021.10.06"]
[SourceQuality "1"]

1. d4 b6 2. e4 Bb7 3. Nc3 e6 4. a3 Nf6 5. e5 Nd5 6. Nxd5 Bxd5 7. Nf3 Be7 8. Be2 0-0 9. 0-0 f6 10. Bf4 fxe5 11. Bxe5 Nc6 12. Bg3 Bf6 13. Ne5 Ne7 14. Bf3 Bxf3 15. Nxf3 Nf5 16. Be5 d6 17. Bxf6 Qxf6 18. c3 c5 19. d5 e5 20. Nd2 Qg6 21. Qe2 Nh4 22. f3 Rf5 23. Ne4 Raf8 24. Kh1 Rh5 25. Kg1 Rhf5 26. Ng3 Rg5 27. Rf2 Rf4 28. Kf1 c4 29. Qc2 Nf5 30. Nxf5 Rgxf5 31. Re1 Qf7 32. Qd2 b5 33. Re4 Rxe4 1/2-1/2

[Event "Turku We TSY"]
[Site "Turku"]
[Date "2018.04.20"]
[Round "1"]
[White "Linden, Lari"]
[Black "Syvalahti, Heikki"]
[Result "1-0"]
[WhiteElo "2150"]
[BlackElo "2054"]
[PlyCount "99"]
[EventDate "2018.04.20"]
[EventType "swiss"]
[EventRounds "5"]
[EventCountry "FIN"]
[SourceTitle "EXT 2022"]
[Source "ChessBase"]
[SourceDate "2021.10.06"]
[SourceVersion "1"]
[SourceVersionDate "2021.10.06"]
[SourceQuality "1"]

1. d4 Nf6 2. c4 g6 3. g3 c6 4. Bg2 d5 5. cxd5 cxd5 6. Nc3 Bg7 7. Nf3 0-0 8. 0-0 Bf5 9. Qb3 b6 10. Ne5 Be6 11. Rd1 Re8 12. Qa3 a5 13. Bg5 Na6 14. Bxf6 exf6 15. Nd3 Nc7 16. Qb3 Rb8 17. e3 Qd6 18. Rac1 b5 19. Nc5 Red8 20. Rd2 b4 21. Ne2 Bh6 22. Qa4 Qb6 23. Nxe6 Nxe6 24. Rc6 Qb7 25. Rdc2 Ra8 26. Nc1 Bf8 27. Nb3 Qa7 28. h4 h5 29. Bf1 Kg7 30. Ra6 Qb7 31. Qxa5 Rxa6 32. Qxa6 Qe7 33. Na5 Rd6 34. Nc6 Qd7 35. Qa8 b3 36. axb3 g5 37. Bg2 gxh4 38. gxh4 Nc7 39. Qb7 Qg4 40. Rc1 Ne6 41. Nb4 Qxh4 42. Nxd5 Qg4 43. Nc7 Ng5 44. Ne8+ Kg6 45. Nxd6 Bxd6 46. Qc6 Bb8 47. f4 Nh3+ 48. Kf1 Nxf4 49. exf4 Qxf4+ 50. Bf3 1-0

[Event "FIN-chT 1718"]
[Site "Finland"]
[Date "2018.03.11"]
[Round "11.2"]
[White "Agopov, Mikael"]
[Black "Syvalahti, Heikki"]
[Result "1-0"]
[WhiteElo "2419"]
[BlackElo "2082"]
[PlyCount "43"]
[EventDate "2017.09.16"]
[EventType "team-tourn"]
[EventRounds "11"]
[EventCountry "FIN"]
[SourceTitle "EXT 2019"]
[Source "ChessBase"]
[SourceDate "2018.10.10"]
[SourceVersion "1"]
[SourceVersionDate "2018.10.10"]
[SourceQuality "1"]
[WhiteTeam "Helsinki SSK"]
[BlackTeam "Karjaa KarjUra"]
[WhiteTeamCountry "FIN"]
[BlackTeamCountry "FIN"]

1. e4 e6 2. d4 d5 3. Nc3 dxe4 4. Nxe4 Bd7 5. Nf3 Bc6 6. Bd3 Nd7 7. c3 Ngf6 8. Nxf6+ Nxf6 9. Bf4 Bxf3 10. Qxf3 c6 11. 0-0 Be7 12. Rfe1 0-0 13. Qh3 Rc8 14. Rad1 g6 15. Bb1 Re8 16. Rd3 Qa5 17. Be5 Qb6 18. Rf3 Qd8 19. Qh6 Nh5 20. Rxf7 Kxf7 21. Qxh7+ Kf8 22. Bxg6 1-0

[Event "FIN-chT 1718"]
[Site "Finland"]
[Date "2018.03.09"]
[Round "9.2"]
[White "Seeman, Tarvo"]
[Black "Syvalahti, Heikki"]
[Result "1-0"]
[WhiteElo "2405"]
[BlackElo "2082"]
[PlyCount "61"]
[EventDate "2017.09.16"]
[EventType "team-tourn"]
[EventRounds "11"]
[EventCountry "FIN"]
[SourceTitle "EXT 2019"]
[Source "ChessBase"]
[SourceDate "2018.10.10"]
[SourceVersion "1"]
[SourceVersionDate "2018.10.10"]
[SourceQuality "1"]
[WhiteTeam "Helsinki Aatos"]
[BlackTeam "Karjaa KarjUra"]
[WhiteTeamCountry "FIN"]
[BlackTeamCountry "FIN"]

1. Nf3 d5 2. g3 Nf6 3. Bg2 g6 4. b3 Bg7 5. Bb2 0-0 6. c4 dxc4 7. bxc4 c5 8. 0-0 Nc6 9. d3 Rb8 10. Nbd2 Qc7 11. a4 Nh5 12. Qc1 Nd4 13. Nxd4 Bxd4 14. Bxd4 cxd4 15. a5 Bd7 16. Qa3 Rfe8 17. Nb3 e5 18. Qc5 Qxc5 19. Nxc5 Bc6 20. Rfb1 Bxg2 21. Kxg2 Rbc8 22. Nxb7 Rc6 23. Rb5 Ng7 24. Rc5 Rxc5 25. Nxc5 Rb8 26. Nd7 Rb2 27. Nxe5 Rxe2 28. Nc6 Rd2 29. Nxa7 Rxd3 30. a6 Ne6 31. Nb5 1-0

[Event "Helsinki MatSK Weekend"]
[Site "Helsinki"]
[Date "2018.02.24"]
[Round "4"]
[White "Miettinen, Teemu"]
[Black "Syvalahti, Heikki"]
[Result "1-0"]
[WhiteElo "1996"]
[BlackElo "2080"]
[PlyCount "167"]
[EventDate "2018.02.23"]
[EventType "swiss"]
[EventRounds "7"]
[EventCountry "FIN"]
[SourceTitle "EXT 2019"]
[Source "ChessBase"]
[SourceDate "2018.10.10"]
[SourceVersion "1"]
[SourceVersionDate "2018.10.10"]
[SourceQuality "1"]

1. d4 Nf6 2. c4 g6 3. Nc3 d5 4. cxd5 Nxd5 5. e4 Nxc3 6. bxc3 c5 7. Bc4 Bg7 8. Ne2 cxd4 9. cxd4 0-0 10. 0-0 Nc6 11. Be3 Bg4 12. f3 Na5 13. Bxf7+ Rxf7 14. fxg4 Rxf1+ 15. Kxf1 Qd7 16. h3 Rd8 17. Rc1 b5 18. Rc5 e6 19. Qd3 Nc4 20. Bg5 Re8 21. Bf4 e5 22. Bg3 a6 23. Kg1 exd4 24. Rd5 Qe6 25. Nxd4 Qxe4 26. Qxe4 Rxe4 27. Bf2 Re7 28. Rd8+ Kf7 29. Ra8 Rd7 30. Nf3 a5 31. Ng5+ Kf6 32. Nxh7+ Ke5 33. Re8+ Kd5 34. Ng5 Bd4 35. Rb8 b4 36. Nf3 Bc3 37. Rc8 Nd6 38. Rc5+ Ke6 39. Rxa5 b3 40. Nd4+ Bxd4 41. Bxd4 Nb7 42. Ra6+ Kf7 43. Ra7 bxa2 44. Bb2 Nc5 45. Rxa2 Rd2 46. Ra7+ Ke6 47. Ba3 Nd3 48. Re7+ Kf6 49. Re4 Ra2 50. Be7+ Kf7 51. Bh4 Ra7 52. Bg3 Nc5 53. Bf2 Ra1+ 54. Re1 Ra5 55. Bxc5 Rxc5 56. Kh2 Rc3 57. Rf1+ Kg7 58. Rf3 Rc4 59. Kg3 g5 60. Kh2 Rc2 61. Kg1 Rc1+ 62. Rf1 Rc3 63. Rf2 Kg6 64. Kh2 Rb3 65. Rc2 Ra3 66. Rc6+ Kg7 67. Rc5 Kg6 68. Rc6+ Kg7 69. Rc2 Kg6 70. g3 Ra4 71. Rg2 Rb4 72. Rf2 Ra4 73. Rg2 Rb4 74. Rc2 Ra4 75. Rc6+ Kg7 76. Kg2 Ra2+ 77. Kf3 Ra4 78. Re6 Ra3+ 79. Re3 Ra4 80. h4 Rb4 81. Re5 Rb3+ 82. Kg2 Rb2+ 83. Kh3 gxh4 84. gxh4 1-0

[Event "Turku We TuTS A"]
[Site "Turku"]
[Date "2017.12.08"]
[Round "1"]
[White "Auvinen, Esa"]
[Black "Syvalahti, Heikki"]
[Result "1/2-1/2"]
[WhiteElo "1876"]
[BlackElo "2069"]
[PlyCount "141"]
[EventDate "2017.12.08"]
[EventType "swiss"]
[EventRounds "5"]
[EventCountry "FIN"]
[SourceTitle "EXT 2022"]
[Source "ChessBase"]
[SourceDate "2021.10.06"]
[SourceVersion "1"]
[SourceVersionDate "2021.10.06"]
[SourceQuality "1"]

1. e4 d5 2. exd5 Qxd5 3. Nc3 Qa5 4. d4 Nf6 5. Nf3 c6 6. Bc4 Bf5 7. 0-0 e6 8. Re1 Be7 9. h3 h6 10. Bf4 Nbd7 11. Ne5 Nxe5 12. Rxe5 Qd8 13. Qd2 0-0 14. Rae1 Bg6 15. R5e2 Bb4 16. a3 Bxc3 17. Qxc3 Nd5 18. Bxd5 cxd5 19. Qg3 Kh7 20. c3 Rc8 21. Bc1 b5 22. Qf4 a5 23. Bd2 Rc4 24. Re3 Qb8 25. Qxb8 Rxb8 26. Ra1 Kg8 27. Ree1 Kf8 28. f3 Ke7 29. Kf2 Rb7 30. Rec1 Kd7 31. Re1 b4 32. axb4 axb4 33. Ra5 bxc3 34. Bxc3 Rcc7 35. Ke3 Ra7 36. Rea1 Rxa5 37. Rxa5 Rb7 38. Ra8 Ke7 39. g3 Bc2 40. h4 Bb3 41. Ra5 Bc4 42. Ra4 Kd6 43. Ra5 f6 44. Ra8 e5 45. Re8 exd4+ 46. Kxd4 Kd7 47. Re1 Bb3 48. Ra1 Ke6 49. Ra6+ Kf5 50. Ra1 h5 51. Re1 Rc7 52. Ra1 g5 53. hxg5 fxg5 54. Ra8 Rh7 55. Rf8+ Ke6 56. Ke3 h4 57. gxh4 gxh4 58. Rh8 Rxh8 59. Bxh8 h3 60. Kf2 Bc2 61. Bg7 Bf5 62. Bd4 Kd6 63. Kg3 Kc6 64. Bg1 Kb5 65. Kf2 Kc4 66. Ke3 Kb3 67. Kd4 Be6 68. f4 Kxb2 69. f5 Bg8 70. Ke3 Kc3 71. Kf3 1/2-1/2